Statistics for Name the Constellations Quiz

Click here to take the quiz!

General Stats

  • This quiz has been taken 26,943 times
    (26,934 since last reset)
  • The average score is 22 of 88

Answer Stats

Constellation% Correct
Orion
84%
Leo
77%
Cancer
73%
Gemini
72%
Sagitta
71%
Taurus
71%
Ursa Major
70%
Ursa Minor
69%
Virgo
66%
Pisces
66%
Aquarius
65%
Libra
64%
Aries
63%
Capricornus
58%
Scorpius
57%
Sagittarius
53%
Cassiopeia
44%
Andromeda
42%
Draco
36%
Hercules
34%
Canis Major
33%
Crux
33%
Canis Minor
32%
Pegasus
32%
Cygnus
29%
Perseus
27%
Hydra
26%
Aquila
24%
Lyra
22%
Boötes
21%
Lupus
20%
Centaurus
20%
Cepheus
18%
Cetus
18%
Serpens
18%
Delphinus
17%
Leo Minor
17%
Lynx
16%
Ara
16%
Auriga
16%
Corona Borealis
16%
Triangulum
16%
Lepus
16%
Monoceros
15%
Phoenix
15%
Piscis Austrinus
15%
Corvus
15%
Camelopardalis
15%
Corona Australis
14%
Vela
14%
Eridanus
14%
Carina
14%
Ophiuchus
14%
Apus
13%
Canes Venatici
13%
Antlia
13%
Indus
13%
Microscopium
13%
Crater
13%
Fornax
13%
Sextans
13%
Hydrus
13%
Telescopium
13%
Pyxis
12%
Puppis
12%
Lacerta
12%
Vulpecula
12%
Columba
12%
Octans
12%
Norma
12%
Musca
12%
Mensa
12%
Caelum
12%
Grus
12%
Pavo
12%
Dorado
12%
Coma Berenices
12%
Volans
11%
Chamaeleon
11%
Circinus
11%
Pictor
11%
Tucana
11%
Triangulum Australe
11%
Horologium
11%
Scutum
11%
Sculptor
11%
Equuleus
11%
Reticulum
10%

Score Distribution

Percentile by Number Answered

Percent of People with Each Score

Your Score History

You have not taken this quiz since the last reset